[Event "POL-chT 2nd League"]
[Site "Jastrzebia Gora"]
[Date "2016.09.07"]
[Round "5.70"]
[White "Wisniewski, Przemyslaw"]
[Black "Kowalec, Maciej"]
[Result "1/2-1/2"]
[WhiteElo "1970"]
[BlackElo "2100"]
[PlyCount "77"]
[EventDate "2016.09.03"]
[EventType "team-swiss"]
[EventRounds "9"]
[EventCountry "POL"]
[SourceTitle "EXT 2017"]
[Source "ChessBase"]
[SourceDate "2016.10.25"]
[SourceVersion "1"]
[SourceVersionDate "2016.10.25"]
[SourceQuality "1"]
[WhiteTeam "Bydgoszcz Wiartrak"]
[BlackTeam "Zielonka Zieloni"]
[WhiteTeamCountry "POL"]
[BlackTeamCountry "POL"]

1. Nf3 d5 2. b3 Nf6 3. Bb2 c5 4. e3 e6 5. Bd3 Bd6 6. Ne5 Nbd7 7. f4 0-0 8. 0-0 a6 9. Qe1 Ne4 10. Bxe4 dxe4 11. Qg3 f6 12. Nc4 Bc7 13. a4 b6 14. Nc3 Bb7 15. Ne2 Qe7 16. Qh4 b5 17. axb5 axb5 18. Na3 Bc6 19. Ng3 Bd6 20. c4 b4 21. Nc2 Rxa1 22. Rxa1 Ra8 23. Rxa8+ Bxa8 24. Qg4 Nf8 25. h4 f5 26. Qg5 h6 27. Qxe7 Bxe7 28. h5 Bc6 29. Kh2 Be8 30. Ne1 Nd7 31. d3 exd3 32. Nxd3 Bh4 33. Ne5 Bxg3+ 34. Kxg3 Nxe5 35. Bxe5 Bxh5 36. Bd6 Bd1 37. Bxc5 Bxb3 38. Bxb4 Bxc4 39. Kh4 1/2-1/2

[Event "POL-chT 2nd League"]
[Site "Jastrzebia Gora"]
[Date "2016.09.05"]
[Round "3.34"]
[White "Wisniewski, Przemyslaw"]
[Black "Dubinski, Mateusz"]
[Result "0-1"]
[WhiteElo "1970"]
[BlackElo "2241"]
[PlyCount "106"]
[EventDate "2016.09.03"]
[EventType "team-swiss"]
[EventRounds "9"]
[EventCountry "POL"]
[SourceTitle "EXT 2017"]
[Source "ChessBase"]
[SourceDate "2016.10.25"]
[SourceVersion "1"]
[SourceVersionDate "2016.10.25"]
[SourceQuality "1"]
[WhiteTeam "Bydgoszcz Wiartrak"]
[BlackTeam "Kopernik WKS"]
[WhiteTeamCountry "POL"]
[BlackTeamCountry "POL"]

1. Nf3 Nf6 2. d4 d5 3. Bf4 c5 4. e3 Nc6 5. c3 Qb6 6. Qb3 c4 7. Qxb6 axb6 8. Nbd2 b5 9. Be2 b4 10. 0-0 bxc3 11. bxc3 h6 12. Ne5 Bf5 13. Nxc6 bxc6 14. a4 e6 15. Ra2 Be7 16. Rfa1 0-0 17. Rb2 Rfc8 18. a5 Ra6 19. Rb6 Rca8 20. Rxa6 Rxa6 21. Bc7 Ne8 22. Bb6 Nd6 23. g4 Bg6 24. Bc5 Kf8 25. Bb4 Ke8 26. Kf1 Nb7 27. f3 c5 28. dxc5 Nxc5 29. e4 Kd7 30. Nxc4 dxc4 31. Bxc4 Ra7 32. Bb5+ Kc8 33. Rd1 Nb3 34. a6 e5 35. Bd7+ Kd8 36. Ba4+ Nd4 37. Bxe7+ Kxe7 38. cxd4 Rxa6 39. Bb3 Ra3 40. Rd3 exd4 41. Bc4 Rc3 42. Rxc3 dxc3 43. Bd3 Kd6 44. Ke2 Kc5 45. f4 Kd4 46. f5 Bh7 47. Bc2 f6 48. h4 Bg8 49. g5 hxg5 50. hxg5 Bc4+ 51. Kf3 Bd3 52. gxf6 gxf6 53. e5 Bxc2 0-1

[Event "POL-chT3 Kujawsko Pomorskie 1516"]
[Site "Poland"]
[Date "2016.02.28"]
[Round "7"]
[White "Michalak, Krzysztof"]
[Black "Wisniewski, Przemyslaw"]
[Result "0-1"]
[WhiteElo "1542"]
[BlackElo "1958"]
[PlyCount "48"]
[EventDate "2015.11.08"]
[EventType "team-tourn"]
[EventRounds "9"]
[EventCountry "POL"]
[SourceTitle "EXT 2019"]
[Source "ChessBase"]
[SourceDate "2018.10.10"]
[SourceVersion "1"]
[SourceVersionDate "2018.10.10"]
[SourceQuality "1"]

1. d4 Nf6 2. c4 e6 3. Nc3 Bb4 4. e3 b6 5. Nge2 Bb7 6. a3 Be7 7. f3 d5 8. Nf4 0-0 9. Bd3 c5 10. 0-0 cxd4 11. exd4 dxc4 12. Bxc4 Qc8 13. Qb3 Nc6 14. Nxe6 Na5 15. Qa2 Qxc4 16. Nxf8 Qxd4+ 17. Kh1 Bxf8 18. Bg5 h6 19. Rad1 Qe5 20. Bc1 Qf5 21. b4 Nc6 22. Nd5 Nxd5 23. Qxd5 Qxd5 24. Rxd5 Nxb4 0-1

[Event "Lublin Gerlecka Memorial 4th"]
[Site "Lublin"]
[Date "2014.08.03"]
[Round "9"]
[White "Wisniewski, Przemyslaw"]
[Black "Stoma, Pawel"]
[Result "0-1"]
[WhiteElo "2032"]
[BlackElo "2326"]
[PlyCount "70"]
[EventDate "2014.07.28"]
[EventType "tourn"]
[EventRounds "9"]
[EventCountry "POL"]
[SourceTitle "CBM 161 Extra"]
[Source "ChessBase"]
[SourceDate "2014.08.29"]
[SourceVersion "1"]
[SourceVersionDate "2014.08.29"]
[SourceQuality "1"]

1. Nf3 c6 2. b3 d6 3. c4 e5 4. Nc3 Nf6 5. g3 e4 6. Nd4 d5 7. cxd5 cxd5 8. Bb2 Nc6 9. Nxc6 bxc6 10. Bg2 Bf5 11. 0-0 Bd6 12. d3 exd3 13. exd3 0-0 14. Rc1 Rc8 15. Na4 Re8 16. Qf3 Bg4 17. Bxf6 Qd7 18. Nc5 Bxc5 19. Qf4 Bf8 20. Ba1 Be2 21. Rfe1 Bxd3 22. Qd4 Bg6 23. h4 Rxe1+ 24. Rxe1 Re8 25. Rxe8 Qxe8 26. Kh2 Qe2 27. Bc3 Qxa2 28. b4 Qc2 29. Ba1 a6 30. Qb6 Qc4 31. Be5 h6 32. Bh3 Be4 33. g4 Qe2 34. g5 c5 35. Kg1 Qf3 0-1

[Event "Lublin Gerlecka Memorial 4th"]
[Site "Lublin"]
[Date "2014.07.31"]
[Round "4"]
[White "Lipski, Tadeusz"]
[Black "Wisniewski, Przemyslaw"]
[Result "1/2-1/2"]
[WhiteElo "1986"]
[BlackElo "2032"]
[PlyCount "57"]
[EventDate "2014.07.28"]
[EventType "tourn"]
[EventRounds "9"]
[EventCountry "POL"]
[SourceTitle "CBM 161 Extra"]
[Source "ChessBase"]
[SourceDate "2014.08.29"]
[SourceVersion "1"]
[SourceVersionDate "2014.08.29"]
[SourceQuality "1"]

1. d4 f5 2. g4 d6 3. gxf5 Bxf5 4. Bg2 c6 5. e4 Bg6 6. Nh3 Nh6 7. Nf4 Bf7 8. Nd3 e5 9. c3 Qf6 10. Be3 Be7 11. 0-0 exd4 12. cxd4 Na6 13. Nc3 Qh4 14. f3 0-0-0 15. Bf2 Qg5 16. Kh1 Kb8 17. d5 Be8 18. Bg3 Nc7 19. f4 Qh5 20. Bf3 Qf7 21. dxc6 Bxc6 22. Nb4 Bd7 23. Nbd5 Nxd5 24. Nxd5 Qf8 25. Qd4 Bf6 26. e5 Nf5 27. Qg1 Nxg3+ 28. Qxg3 Be7 29. Bg2 1/2-1/2

[Event "Lublin Gerlecka Memorial 4th"]
[Site "Lublin"]
[Date "2014.07.29"]
[Round "2"]
[White "Wisniewski, Przemyslaw"]
[Black "Siedlanowski, Lukasz"]
[Result "1/2-1/2"]
[WhiteElo "2032"]
[BlackElo "1927"]
[PlyCount "59"]
[EventDate "2014.07.28"]
[EventType "tourn"]
[EventRounds "9"]
[EventCountry "POL"]
[SourceTitle "CBM 161 Extra"]
[Source "ChessBase"]
[SourceDate "2014.08.29"]
[SourceVersion "1"]
[SourceVersionDate "2014.08.29"]
[SourceQuality "1"]

1. Nf3 d6 2. d4 Nd7 3. Bf4 Ngf6 4. e3 c6 5. c3 Qc7 6. h3 e5 7. Bh2 e4 8. Nfd2 Qa5 9. Qc2 d5 10. Be2 b5 11. 0-0 Bb7 12. b4 Qd8 13. Nb3 Nb6 14. N1d2 Bd6 15. Bxd6 Qxd6 16. Nc5 Rb8 17. a4 a6 18. axb5 axb5 19. Ra7 Bc8 20. Qa2 0-0 21. Ra1 Nfd7 22. Bf1 f5 23. g3 Kh8 24. Bg2 g5 25. Qb1 Nf6 26. f4 exf3 27. Nxf3 Nc4 28. Qe1 h6 29. Nd3 Nd7 30. Qf2 1/2-1/2

[Event "Wloclawek CC Classic 11th"]
[Site "Wloclawek"]
[Date "2014.??.??"]
[Round "1"]
[White "Lapinski, Jerzy"]
[Black "Wisniewski, Przemyslaw"]
[Result "0-1"]
[WhiteElo "1800"]
[BlackElo "2026"]
[PlyCount "82"]
[EventDate "2014.06.??"]
[EventType "swiss"]
[EventRounds "7"]
[EventCountry "POL"]
[SourceTitle "EXT 2021"]
[Source "ChessBase"]
[SourceDate "2020.10.23"]
[SourceVersion "1"]
[SourceVersionDate "2020.10.23"]
[SourceQuality "1"]

1. d4 f5 2. Nf3 Nf6 3. c4 e6 4. Bg5 b6 5. e3 Bb7 6. Nbd2 Bb4 7. a3 Bxd2+ 8. Nxd2 h6 9. Bxf6 Qxf6 10. Nf3 d6 11. Rc1 Nd7 12. Be2 g5 13. d5 e5 14. Qc2 g4 15. Nd2 h5 16. b4 0-0 17. Nf1 f4 18. Bd3 a5 19. h3 g3 20. f3 axb4 21. axb4 Ra3 22. Nd2 fxe3 23. Ne4 Qf4 24. h4 e2 25. Ng5 Rxd3 26. Rb1 Qe3 27. Qxe2 Ra8 28. Qxe3 Rxe3+ 29. Kd2 Raa3 30. Ne4 b5 31. Rhe1 Rxe1 32. Kxe1 bxc4 33. Nxg3 Nf6 34. Ne4 Nxe4 35. fxe4 Re3+ 36. Kf2 Rxe4 37. g3 c3 38. Rc1 Rc4 39. Ke3 Bxd5 40. Kd3 Rxb4 41. Kxc3 Rc4+ 0-1

[Event "Wloclawek CC Classic 09th"]
[Site "Wloclawek"]
[Date "2014.??.??"]
[Round "4"]
[White "Wisniewski, Przemyslaw"]
[Black "Cichocki, Konrad"]
[Result "1-0"]
[WhiteElo "2057"]
[BlackElo "1945"]
[PlyCount "61"]
[EventDate "2014.03.??"]
[EventType "swiss"]
[EventRounds "7"]
[EventCountry "POL"]
[SourceTitle "EXT 2021"]
[Source "ChessBase"]
[SourceDate "2020.10.23"]
[SourceVersion "1"]
[SourceVersionDate "2020.10.23"]
[SourceQuality "1"]

1. Nf3 Nf6 2. d4 e6 3. Bf4 c5 4. e3 Nc6 5. c3 d5 6. Be2 Bd6 7. Ne5 Qc7 8. Nxc6 bxc6 9. Bxd6 Qxd6 10. Nd2 cxd4 11. cxd4 Nd7 12. Rc1 0-0 13. Qc2 Bb7 14. 0-0 e5 15. Nb3 f5 16. Na5 Rab8 17. b3 Ba8 18. Nxc6 Rfc8 19. Ne7+ Qxe7 20. Qxc8+ Rxc8 21. Rxc8+ Kf7 22. Rxa8 Nb6 23. Rh8 Kg6 24. dxe5 Kh6 25. Rc1 g6 26. f4 Kg7 27. Rb8 Kh6 28. h3 d4 29. g4 dxe3 30. g5+ Kg7 31. Bf3 1-0

[Event "POL-chT3 Kujawsko Pomorskie 1213"]
[Site "Poland"]
[Date "2013.03.24"]
[Round "11.26"]
[White "Szybowicz, Piotr"]
[Black "Wisniewski, Przemyslaw"]
[Result "0-1"]
[WhiteElo "1870"]
[BlackElo "2060"]
[PlyCount "84"]
[EventDate "2012.11.04"]
[EventType "team-tourn"]
[EventRounds "11"]
[EventCountry "POL"]
[SourceTitle "EXT 2015"]
[Source "ChessBase"]
[SourceDate "2014.11.20"]
[SourceVersion "1"]
[SourceVersionDate "2014.11.20"]
[SourceQuality "1"]
[WhiteTeam "Szubin Szachowa Dwojka"]
[BlackTeam "Bydgoszcz Chemik II"]
[WhiteTeamCountry "POL"]
[BlackTeamCountry "POL"]

1. Nf3 Nf6 2. Nc3 d5 3. d4 Bf5 4. Bg5 e6 5. e3 Nbd7 6. Bd3 Be7 7. 0-0 Bg6 8. Ne2 Ne4 9. Bxe7 Qxe7 10. Ng3 0-0-0 11. Nd2 f5 12. f3 Nxg3 13. hxg3 h5 14. f4 h4 15. g4 Nf6 16. g5 Ng4 17. Qe1 h3 18. g3 h2+ 19. Kh1 c5 20. c3 e5 21. dxe5 d4 22. cxd4 cxd4 23. e4 Ne3 24. exf5 Bxf5 25. Bxf5+ Nxf5 26. Ne4 Ne3 27. Qa5 Nxf1 28. Rxf1 Kb8 29. Qc5 Qe6 30. Nd6 Qg4 31. Nb5 Qe2 32. Qxa7+ Kc8 33. Rc1+ Kd7 34. Qxb7+ Ke6 35. f5+ Kxf5 36. Qf7+ Kg4 37. Qf4+ Kh3 38. Qf1+ Qxf1+ 39. Rxf1 Rhf8 40. Rd1 Rf3 41. Nxd4 Rxd4 42. Re1 Re4 0-1

[Event "POL-chT3 Kujawsko Pomorskie 1213"]
[Site "Poland"]
[Date "2013.03.10"]
[Round "10.6"]
[White "Wisniewski, Przemyslaw"]
[Black "Gawronski, Miroslaw"]
[Result "0-1"]
[WhiteElo "2060"]
[BlackElo "2128"]
[PlyCount "185"]
[EventDate "2012.11.04"]
[EventType "team-tourn"]
[EventRounds "11"]
[EventCountry "POL"]
[SourceTitle "EXT 2015"]
[Source "ChessBase"]
[SourceDate "2014.11.20"]
[SourceVersion "1"]
[SourceVersionDate "2014.11.20"]
[SourceQuality "1"]
[WhiteTeam "Bydgoszcz Chemik II"]
[BlackTeam "Inowroclaw OSiR Pozkal"]
[WhiteTeamCountry "POL"]
[BlackTeamCountry "POL"]

1. Nf3 d5 2. b3 Bf5 3. Bb2 e6 4. e3 Nf6 5. Be2 h6 6. 0-0 Be7 7. c4 c6 8. d4 0-0 9. Ne5 Nbd7 10. Nd2 a5 11. a3 Nxe5 12. dxe5 Nd7 13. Nf3 Qb8 14. Nd4 Bh7 15. f4 Be4 16. cxd5 cxd5 17. Nb5 Rc8 18. Rc1 Rc6 19. Nd4 Rc5 20. Rxc5 Nxc5 21. Qd2 Qc7 22. Rc1 Qb6 23. Qc3 Rd8 24. Bf1 g5 25. b4 axb4 26. Qxb4 Qxb4 27. axb4 Nd3 28. Bxd3 Bxd3 29. b5 Bb4 30. Kf2 Ra8 31. Ra1 Rxa1 32. Bxa1 gxf4 33. exf4 Bc5 34. Kg3 Bxd4 35. Bxd4 Bxb5 36. Kh4 Be2 37. g4 Kg7 38. f5 Bd3 39. fxe6 fxe6 40. Kg3 Kg6 41. Kf4 h5 42. g5 h4 43. Kg4 h3 44. Bb6 Bf5+ 45. Kh4 Kf7 46. Kh5 Kg7 47. Bd4 b5 48. Bc5 Kh7 49. Bd4 b4 50. Bb2 Bd3 51. Kh4 Kg6 52. Kxh3 Kxg5 53. Kg3 Be4 54. h4+ Kf5 55. h5 Kg5 56. h6 Kxh6 57. Kf4 Kg6 58. Ba1 Kf7 59. Ke3 Ke7 60. Kd4 Kd7 61. Kc5 b3 62. Bc3 Kc7 63. Bd4 Bc2 64. Bb2 Kb7 65. Bc3 Bd3 66. Bb2 Bc4 67. Ba1 Ka6 68. Bc3 Kb7 69. Bb2 Kc7 70. Bc3 Kd7 71. Bb2 Ke7 72. Kd4 Kf7 73. Ke3 Kg6 74. Kf4 Kh5 75. Bc3 Kh4 76. Bd4 Kh3 77. Kf3 Bd3 78. Bb2 Be4+ 79. Kf2 Kg4 80. Ke3 Kg3 81. Bd4 Kg2 82. Ke2 Bg6 83. Bb2 Bh5+ 84. Ke3 Kf1 85. Kd2 Kf2 86. Bc1 Be2 87. Kc3 Bd1 88. Kd3 Bc2+ 89. Kc3 Ke2 90. Ba3 Ke3 91. Bb2 d4+ 92. Kc4 d3 93. Bc1+ 0-1

[Event "POL-chT3 Kujawsko Pomorskie 1213"]
[Site "Poland"]
[Date "2013.01.13"]
[Round "6.16"]
[White "Wisniewski, Przemyslaw"]
[Black "Zolnierowicz, Krzysztof"]
[Result "1/2-1/2"]
[WhiteElo "2060"]
[BlackElo "2166"]
[PlyCount "62"]
[EventDate "2012.11.04"]
[EventType "team-tourn"]
[EventRounds "11"]
[EventCountry "POL"]
[SourceTitle "EXT 2015"]
[Source "ChessBase"]
[SourceDate "2014.11.20"]
[SourceVersion "1"]
[SourceVersionDate "2014.11.20"]
[SourceQuality "1"]
[WhiteTeam "Bydgoszcz Chemik II"]
[BlackTeam "Swiecie Gambit"]
[WhiteTeamCountry "POL"]
[BlackTeamCountry "POL"]

1. Nf3 Nf6 2. d4 e6 3. Bf4 Be7 4. e3 0-0 5. h3 b6 6. Be2 Bb7 7. Nbd2 c5 8. 0-0 d5 9. Ne5 Nfd7 10. c3 Nc6 11. Nxd7 Qxd7 12. Bb5 Bd6 13. Qg4 Bxf4 14. Qxf4 Qe7 15. Bxc6 Bxc6 16. Nf3 Bb5 17. Rfe1 Bd3 18. Ne5 Bg6 19. Rad1 Rac8 20. Rd2 Rfd8 21. h4 Qe8 22. Red1 f6 23. Nxg6 Qxg6 24. g3 h6 25. dxc5 bxc5 26. Qa4 Qf7 27. e4 Qb7 28. Qb3 Qxb3 29. axb3 Rb8 30. exd5 Rxd5 31. Rxd5 exd5 1/2-1/2

[Event "POL-chT3 Kujawsko Pomorskie 1314"]
[Site "Poland"]
[Date "2013.??.??"]
[Round "5.8"]
[White "Augustowski, Janusz"]
[Black "Wisniewski, Przemyslaw"]
[Result "0-1"]
[WhiteElo "1819"]
[BlackElo "2057"]
[PlyCount "79"]
[EventDate "2013.11.03"]
[EventType "team-tourn"]
[EventRounds "11"]
[EventCountry "POL"]
[SourceTitle "EXT 2015"]
[Source "ChessBase"]
[SourceDate "2014.11.20"]
[SourceVersion "1"]
[SourceVersionDate "2014.11.20"]
[SourceQuality "1"]
[WhiteTeam "Wloclawek 1938"]
[BlackTeam "Bydgoszcz Wiartrak"]
[WhiteTeamCountry "POL"]
[BlackTeamCountry "POL"]

1. d4 Nf6 2. Nf3 e6 3. g3 d5 4. Bg2 Nbd7 5. 0-0 c6 6. b3 b5 7. c4 bxc4 8. bxc4 Qa5 9. Nbd2 Ba6 10. Nb3 Qc7 11. c5 Be7 12. Bf4 Qc8 13. Qc2 0-0 14. Ng5 h6 15. Nf3 Nh5 16. Bh3 Nxf4 17. gxf4 f5 18. Kh1 Qb8 19. Ne5 Nxe5 20. fxe5 Qb4 21. Rg1 Kh7 22. f3 Bg5 23. e4 dxe4 24. Qg2 exf3 25. Qxf3 Bc4 26. Bg2 Bd5 27. Qh3 Qc4 28. Rad1 a5 29. Rd3 a4 30. Nd2 Bxg2+ 31. Rxg2 Bxd2 32. Rgxd2 Rab8 33. Qf3 Rb1+ 34. Kg2 Rfb8 35. Qxc6 R8b2 36. Qf3 Rxa2 37. Rxa2 Qxa2+ 38. Kh3 Rb2 39. Qg3 g5 40. Ra3 0-1

[Event "POL-chT3 Kujawsko Pomorskie 1314"]
[Site "Poland"]
[Date "2013.??.??"]
[Round "2.28"]
[White "Szmidt, Przemyslaw"]
[Black "Wisniewski, Przemyslaw"]
[Result "1/2-1/2"]
[WhiteElo "1865"]
[BlackElo "2057"]
[PlyCount "65"]
[EventDate "2013.11.03"]
[EventType "team-tourn"]
[EventRounds "11"]
[EventCountry "POL"]
[SourceTitle "EXT 2015"]
[Source "ChessBase"]
[SourceDate "2014.11.20"]
[SourceVersion "1"]
[SourceVersionDate "2014.11.20"]
[SourceQuality "1"]
[WhiteTeam "Swiecie Gambit"]
[BlackTeam "Bydgoszcz Wiartrak"]
[WhiteTeamCountry "POL"]
[BlackTeamCountry "POL"]

1. e4 c5 2. Nf3 Nc6 3. Bb5 g6 4. Bxc6 bxc6 5. 0-0 Bg7 6. Nc3 d6 7. d3 e5 8. h3 Ne7 9. Re1 0-0 10. Ne2 Rb8 11. b3 f5 12. Rb1 h6 13. Ng3 Kh7 14. exf5 Nxf5 15. Nxf5 gxf5 16. Qe2 Bd7 17. Bb2 Be8 18. Nd2 Qg5 19. Nc4 Rd8 20. Kh1 Bh5 21. Qd2 Qxd2 22. Nxd2 Bf7 23. f4 Rfe8 24. fxe5 Bxe5 25. Bxe5 Rxe5 26. Nf3 Rxe1+ 27. Rxe1 Re8 28. Rxe8 Bxe8 29. Kg1 Kg6 30. Kf2 Kf6 31. a4 Bf7 32. Ng1 Bh5 33. Ke3 1/2-1/2

[Event "POL-chT3 1112"]
[Site "Poland"]
[Date "2012.04.01"]
[Round "10.31"]
[White "Wisniewski, Przemyslaw"]
[Black "Konieczynski, Piotr"]
[Result "0-1"]
[WhiteElo "2074"]
[BlackElo "1906"]
[PlyCount "126"]
[EventDate "2011.11.06"]
[EventType "team-tourn"]
[EventRounds "11"]
[EventCountry "POL"]
[SourceTitle "EXT 2015"]
[Source "ChessBase"]
[SourceDate "2014.11.20"]
[SourceVersion "1"]
[SourceVersionDate "2014.11.20"]
[SourceQuality "1"]
[WhiteTeam "Bydgoszcz Chemik II"]
[BlackTeam "Znin Baszta II"]
[WhiteTeamCountry "POL"]
[BlackTeamCountry "POL"]

1. f4 d5 2. Nf3 c5 3. e3 Nf6 4. b3 g6 5. Bb2 Bg7 6. Bb5+ Nbd7 7. 0-0 0-0 8. Bxd7 Nxd7 9. Bxg7 Kxg7 10. d4 e6 11. c3 b6 12. Nbd2 Bb7 13. Ne5 Rc8 14. Rc1 f6 15. Nxd7 Qxd7 16. Qg4 Rc7 17. Rf3 Re8 18. Qh4 Qe7 19. Rh3 Kg8 20. Nf3 b5 21. Rf1 a5 22. g4 b4 23. cxb4 cxb4 24. g5 f5 25. Ne5 Qg7 26. Rf2 Ba6 27. Rhf3 Rc1+ 28. Kg2 Rec8 29. Rd2 R8c3 30. Rff2 Rxe3 31. Rc2 Rc3 32. Rxc1 Rxc1 33. Rd2 Bb5 34. Qh6 Qxh6 35. gxh6 Rc3 36. h4 Kf8 37. Nf3 Bd3 38. Ng5 Be4+ 39. Kf2 Kg8 40. Kg1 Rg3+ 41. Kh2 Rg4 42. Nxe6 Rxh4+ 43. Kg3 Rxh6 44. Rd1 Rh1 45. Rxh1 Bxh1 46. Nd8 Be4 47. Nc6 Bb1 48. Nxa5 Bxa2 49. Nc6 Kf7 50. Nxb4 Bxb3 51. Nd3 Kf6 52. Nc5 Bc2 53. Kh4 h6 54. Nd7+ Kg7 55. Nc5 Bd1 56. Nd7 Ba4 57. Nc5 Bb5 58. Nb7 Kf6 59. Nd6 Bc6 60. Nc8 Bb5 61. Nb6 Ke6 62. Nc8 Bd7 63. Nb6 Kd6 0-1

[Event "POL-chT3 1112"]
[Site "Poland"]
[Date "2012.01.??"]
[Round "5.20"]
[White "Szmidt, Przemyslaw"]
[Black "Wisniewski, Przemyslaw"]
[Result "1/2-1/2"]
[WhiteElo "2015"]
[BlackElo "2074"]
[PlyCount "92"]
[EventDate "2011.11.06"]
[EventType "team-tourn"]
[EventRounds "11"]
[EventCountry "POL"]
[SourceTitle "EXT 2015"]
[Source "ChessBase"]
[SourceDate "2014.11.20"]
[SourceVersion "1"]
[SourceVersionDate "2014.11.20"]
[SourceQuality "1"]
[WhiteTeam "Swiecie Gambit"]
[BlackTeam "Bydgoszcz Chemik II"]
[WhiteTeamCountry "POL"]
[BlackTeamCountry "POL"]

1. e4 c5 2. Nf3 Nc6 3. Bb5 Nd4 4. Nxd4 cxd4 5. 0-0 g6 6. c3 Bg7 7. cxd4 Bxd4 8. Nc3 e6 9. Ne2 Bg7 10. d4 Ne7 11. e5 0-0 12. Nc3 d6 13. Bf4 dxe5 14. Bxe5 f6 15. Bg3 Nf5 16. d5 Nxg3 17. hxg3 exd5 18. Qxd5+ Qxd5 19. Nxd5 g5 20. Rfe1 Bg4 21. Rac1 Rad8 22. Re7 Rf7 23. Rxf7 Kxf7 24. Rc7+ Kf8 25. Ne3 Be6 26. Rxb7 f5 27. Bc4 Bxc4 28. Nxc4 Rd1+ 29. Kh2 Rf1 30. Nd6 Rxf2 31. Rxa7 f4 32. Ne4 Rxb2 33. Nxg5 fxg3+ 34. Kxg3 Be5+ 35. Kf3 h5 36. a4 Ra2 37. a5 Ke8 38. Ne6 h4 39. a6 Bg3 40. Ra8+ Ke7 41. a7 Bf2 42. Rh8 Bxa7 43. Nf4 Bf2 44. Ng6+ Kf6 45. Nxh4 Bxh4 46. Rxh4 Kg5 1/2-1/2

[Event "POL-chT3 Kujawsko Pomorskie 1011"]
[Site "Poland"]
[Date "2011.02.13"]
[Round "6.2"]
[White "Wisniewski, Przemyslaw"]
[Black "Tarnowski, Marian"]
[Result "1-0"]
[WhiteElo "2061"]
[BlackElo "1822"]
[PlyCount "69"]
[EventDate "2010.11.07"]
[EventType "team-tourn"]
[EventRounds "11"]
[EventCountry "POL"]
[SourceTitle "EXT 2019"]
[Source "ChessBase"]
[SourceDate "2018.10.10"]
[SourceVersion "1"]
[SourceVersionDate "2018.10.10"]
[SourceQuality "1"]

1. f4 Nf6 2. Nf3 d5 3. b3 g6 4. Bb2 Bg7 5. e3 0-0 6. Be2 c5 7. 0-0 Nc6 8. Ne5 d4 9. Nxc6 bxc6 10. Bf3 Nd5 11. Bxd5 cxd5 12. exd4 cxd4 13. d3 Bb7 14. a4 Rc8 15. Na3 a6 16. Qe1 e6 17. Qb4 Ba8 18. Rae1 Rb8 19. Qd2 Qb6 20. Qf2 Qb4 21. Nb1 Qc5 22. Ba3 Qc6 23. Bxf8 Bxf8 24. h4 h5 25. Re2 Bg7 26. g4 Qe8 27. gxh5 gxh5 28. Qf3 f6 29. Rfe1 Rb6 30. Rg2 Qf7 31. Kf2 Rb7 32. Reg1 Qe8 33. Rg6 Rc7 34. Qxh5 Qf8 35. Rh6 1-0